000 00819cab a2200265 4500
001 ABS59981
008 090401t1998 xxu||||| |||| 00| 0 eng d
035 _a(Sirsi) u91138
041 _aeng
100 _aBourhill, J.F.
245 _aDetermining factors in farmland valuation
260 _c1998
350 _a0
490 _aSouth African Valuer
_v(56) December 1998, 5-7(3)
520 _aDiscusses results of a survey attempting to identify factors affecting land prices, in order that valuations can be carried out on a more reliable basis. Includes bibliography.
650 _aAGRICULTURAL LAND PRICES
650 _aFARMLAND
650 _aLAND PRICES
650 _aSURVEYS
650 _aValuation
_96273
690 _aLAND
700 _aVan Schalkwyk, H.D.
942 _n0
948 _c05/02/1999
999 _c57835
_d57835